| 000 | 00732nam a2200217 i 4500 | ||
|---|---|---|---|
| 001 | 48432 | ||
| 003 | ES-MaACL | ||
| 005 | 20250624192930.0 | ||
| 007 | t| | ||
| 008 | 030820s1912 fr ||||1| fre d | ||
| 245 | 0 | 0 |
_aManuel des maladies de la nutrition / _csous la direction de G. M. Debove, Ch. Achard, J. Castaigne ; par L. Babonneix... [et al.]. |
| 260 |
_aParis : _bMasson, _c1912. |
||
| 300 |
_a1082 p. : _bil. ; _c23 cm. |
||
| 650 | 0 | 4 |
_aNutrición- _xTrastornos. _915651 |
| 700 | 1 |
_aDebove, G. M. _943128 |
|
| 700 | 1 |
_aAchard, Charles, _d1860-1944 _9155057 |
|
| 700 | 1 |
_aCastaigne, J. _936381 |
|
| 700 | 1 |
_aBabonneix, Léon, _d1876-1942 _9151847 |
|
| 852 |
_aES-MaACL _jB-10871 |
||
| 999 |
_c48432 _d48432 |
||